[Event "ENCI Limburg-open B"]
[Site "Maastricht"]
[Date "2011.06.13"]
[Round "6"]
[White "Memeti, Kushtrim"]
[Black "Jakob, Matthias1"]
[Result "0-1"]
[WhiteElo "1830"]
[BlackElo "1997"]
[PlyCount "80"]
[EventDate "2011.06.10"]
[EventType "swiss"]
[EventRounds "7"]
[EventCountry "NED"]
[Source "P.Boonen"]
[SourceDate "2012.01.01"]

1. d4 e6 2. Bf4 Nf6 3. e3 c5 4. c3 Nc6 5. Nd2 Be7 6. Bd3 d5 7. Ngf3 O-O 8. O-O
Nh5 9. Bg3 Nxg3 10. hxg3 f6 11. Qc2 f5 12. dxc5 e5 13. Be2 Bxc5 14. Nb3 Bd6 15.
c4 Be6 16. Nc5 Bxc5 17. cxd5 e4 18. Rfd1 exf3 19. dxe6 Qb6 20. Bxf3 Rad8 21.
Rxd8 Nxd8 22. Qc4 Be7 23. Bd5 Qxb2 24. Rc1 Qe5 25. Rd1 Kh8 26. Qc8 h6 27. Qd7
Qf6 28. Rc1 Nc6 29. Qxb7 Nb4 30. Bb3 Nd3 31. Rc7 Qa1+ 32. Kh2 Nxf2 33. g4 Bd6+
34. g3 Bxc7 35. e7 Re8 36. Bf7 Qe5 37. Kg2 Qxg3+ 38. Kf1 Ne4 39. Ke2 Qxg4+ 40.
Kd3 Nc5+ 0-1

[Event "ENCI Limburg-open B"]
[Site "Maastricht"]
[Date "2011.06.13"]
[Round "6"]
[White "Modder, Frank"]
[Black "Schubert, Karl"]
[Result "0-1"]
[WhiteElo "1901"]
[BlackElo "1838"]
[PlyCount "80"]
[EventDate "2011.06.10"]
[EventType "swiss"]
[EventRounds "7"]
[EventCountry "NED"]
[Source "P.Boonen"]
[SourceDate "2012.01.01"]

1. d4 d6 2. Nf3 f5 3. Nc3 Nf6 4. Bg5 Nbd7 5. e3 g6 6. Bd3 Bg7 7. O-O O-O 8. e4
h6 9. Bd2 e6 10. exf5 gxf5 11. Re1 Nb6 12. Ne2 Ne4 13. Bc1 d5 14. Bf4 Nd7 15.
Nd2 c6 16. f3 Ng5 17. c3 Qb6 18. Qb3 Qd8 19. Qc2 Nf6 20. Nc1 Nh5 21. Be3 Qc7
22. c4 Nf4 23. Bf1 Bd7 24. Nd3 Ng6 25. Rac1 Rac8 26. cxd5 exd5 27. Nc5 b6 28.
Nd3 f4 29. Bf2 Bf5 30. Qb3 Qf7 31. Nb4 Bd7 32. Ba6 Rc7 33. h4 Nxh4 34. Bxh4
Bxd4+ 35. Bf2 Nh3+ 36. gxh3 Bxh3 37. Bf1 Qg6+ 38. Kh2 Bxf1 39. Nxf1 Rg7 40. Ng3
fxg3+ 0-1

[Event "ENCI Limburg-open B"]
[Site "Maastricht"]
[Date "2011.06.13"]
[Round "6"]
[White "Mollema, Thomas"]
[Black "Vaneylen, Urbain"]
[Result "1-0"]
[WhiteElo "1884"]
[BlackElo "1720"]
[PlyCount "57"]
[EventDate "2011.06.10"]
[EventType "swiss"]
[EventRounds "7"]
[EventCountry "NED"]
[Source "P.Boonen"]
[SourceDate "2012.01.01"]

1. e4 e6 2. d4 c5 3. c3 b6 4. Bd3 Bb7 5. Nf3 d6 6. O-O Nd7 7. Re1 Qc7 8. a4 c4
9. Bc2 Ne7 10. b3 d5 11. e5 h6 12. Na3 a6 13. bxc4 dxc4 14. Nd2 Bd5 15. f3 g6
16. Be4 Bg7 17. Naxc4 O-O 18. Ba3 Bxe4 19. Nxe4 Qxc4 20. Bxe7 Rfb8 21. Qd2 Kh7
22. Qf4 Ra7 23. Bd6 Rbb7 24. Qxf7 Qc8 25. Qxe6 Qc6 26. Qf7 Ra8 27. Qf4 Bf8 28.
e6 Bxd6 29. Nxd6 1-0

[Event "ENCI Limburg-open B"]
[Site "Maastricht"]
[Date "2011.06.13"]
[Round "6"]
[White "Moog, Gerhard"]
[Black "Lafosse, Jimmy"]
[Result "0-1"]
[WhiteElo "1944"]
[BlackElo "2037"]
[PlyCount "72"]
[EventDate "2011.06.10"]
[EventType "swiss"]
[EventRounds "7"]
[EventCountry "NED"]
[Source "P.Boonen"]
[SourceDate "2012.01.01"]

1. e4 e6 2. d4 d5 3. Nd2 Nc6 4. Ngf3 Nf6 5. Bb5 dxe4 6. Ne5 Bd7 7. Nxc6 bxc6 8.
Bc4 c5 9. dxc5 Bxc5 10. Qe2 Bc6 11. Nb3 Bd6 12. Bg5 h6 13. Bxf6 gxf6 14. O-O-O
f5 15. Kb1 a5 16. Nd4 Bd7 17. f3 exf3 18. gxf3 Qe7 19. Rhe1 Rg8 20. Nxf5 exf5
21. Rxd6 Qxe2 22. Rxe2+ Kf8 23. Rd1 Bc6 24. Rf2 Ke7 25. a3 Kf6 26. Rd4 Rae8 27.
f4 Re4 28. c3 Rxd4 29. cxd4 Re8 30. Kc2 Be4+ 31. Kc3 Rd8 32. Rf1 Rg8 33. Rf2
Rg1 34. Bf1 Ke7 35. Kc4 Kd6 36. Kb5 Rxf1 0-1

[Event "ENCI Limburg-open B"]
[Site "Maastricht"]
[Date "2011.06.13"]
[Round "6"]
[White "Orbons, Richard"]
[Black "Chappin, Rene"]
[Result "1/2-1/2"]
[WhiteElo "1723"]
[BlackElo "1682"]
[PlyCount "50"]
[EventDate "2011.06.10"]
[EventType "swiss"]
[EventRounds "7"]
[EventCountry "NED"]
[Source "P.Boonen"]
[SourceDate "2012.01.01"]

1. Nf3 c5 2. g3 Nf6 3. Bg2 d5 4. O-O Nc6 5. c4 d4 6. d3 e5 7. Nbd2 Be7 8. b4
cxb4 9. a3 bxa3 10. Bxa3 O-O 11. Qb3 Re8 12. Rfb1 Qc7 13. Ne1 b6 14. Nc2 Rb8
15. Bxe7 Rxe7 16. Nb4 Nxb4 17. Qxb4 Be6 18. Nb3 Ree8 19. Ra6 Nd7 20. Rba1 Nc5
21. Rxa7 Qc8 22. Ra8 Qc7 23. R8a7 Qc8 24. Nd2 Bg4 25. Bd5 Be6 1/2-1/2

[Event "ENCI Limburg-open B"]
[Site "Maastricht"]
[Date "2011.06.13"]
[Round "6"]
[White "Ramaekers, Philippe1"]
[Black "Yue, Tim"]
[Result "1-0"]
[WhiteElo "1811"]
[BlackElo "1767"]
[PlyCount "21"]
[EventDate "2011.06.10"]
[EventType "swiss"]
[EventRounds "7"]
[EventCountry "NED"]
[Source "P.Boonen"]
[SourceDate "2012.01.01"]

1. e4 c5 2. Nf3 d6 3. d4 cxd4 4. Nxd4 Nf6 5. Nc3 g6 6. Be3 Bg7 7. Bc4 Ng4 8.
Bb5+ Kf8 9. O-O Nxe3 10. fxe3 Nd7 11. Ne6+ 1-0

[Event "ENCI Limburg-open B"]
[Site "Maastricht"]
[Date "2011.06.13"]
[Round "6"]
[White "Roelofs, Iris"]
[Black "Ingelaere, Tijl"]
[Result "1/2-1/2"]
[WhiteElo "1762"]
[BlackElo "1737"]
[PlyCount "76"]
[EventDate "2011.06.10"]
[EventType "swiss"]
[EventRounds "7"]
[EventCountry "NED"]
[Source "P.Boonen"]
[SourceDate "2012.01.01"]

1. e4 e6 2. d4 d5 3. exd5 exd5 4. Nf3 Nf6 5. Bd3 Bd6 6. c3 O-O 7. O-O c6 8. Bg5
h6 9. Bh4 Be6 10. Qc2 Nbd7 11. Re1 Qc7 12. Bg3 Bxg3 13. hxg3 Rfe8 14. Nbd2 Bg4
15. b3 Bxf3 16. Nxf3 Rxe1+ 17. Rxe1 Re8 18. Rxe8+ Nxe8 19. Qe2 Kf8 20. Nh4 Ndf6
21. Nf5 Qd7 22. Qe5 Qe6 23. Qxe6 fxe6 24. Ne3 Ke7 25. Kf1 Nd6 26. f3 b6 27. b4
Nde8 28. a4 Kd6 29. b5 c5 30. Ke2 Nd7 31. Bg6 Nef6 32. g4 Nf8 33. Bc2 g5 34. g3
cxd4 35. cxd4 N8d7 36. f4 Nf8 37. Kf3 N8d7 38. Ke2 Nf8 1/2-1/2

[Event "ENCI Limburg-open B"]
[Site "Maastricht"]
[Date "2011.06.13"]
[Round "6"]
[White "Scheeren, Fred"]
[Black "Keetman, Dennis"]
[Result "1/2-1/2"]
[WhiteElo "1703"]
[BlackElo "1880"]
[PlyCount "101"]
[EventDate "2011.06.10"]
[EventType "swiss"]
[EventRounds "7"]
[EventCountry "NED"]
[Source "P.Boonen"]
[SourceDate "2012.01.01"]

1. e4 d5 2. exd5 Nf6 3. d4 Bg4 4. f3 Bf5 5. c4 e6 6. dxe6 Nc6 7. Be3 fxe6 8.
Nc3 Be7 9. g4 Bg6 10. Bd3 Bxd3 11. Qxd3 O-O 12. O-O-O Qd7 13. h4 Rad8 14. Qe2
Bb4 15. Ne4 Na5 16. Nxf6+ gxf6 17. Kb1 Qc6 18. Rc1 f5 19. Bh6 Rf7 20. Bd2 Qd6
21. Bxb4 Qxb4 22. Qe3 f4 23. Qxe6 Rxd4 24. Qe8+ Rf8 25. Qe6+ Rf7 26. Qe8+ Rf8
27. Qb5 Rxc4 28. Qxb4 Rxb4 29. Rxc7 Re8 30. Nh3 Re2 31. Rc2 Re3 32. Rf1 Nc6 33.
a3 Rd4 34. h5 h6 35. g5 hxg5 36. Nxg5 Re5 37. Rg2 Rdd5 38. Nh3+ Kh7 39. Nxf4
Rd4 40. Ng6 Rf5 41. f4 Kh6 42. Rh2 Rxh5 43. Rxh5+ Kxh5 44. f5 Nd8 45. Rg1 Nf7
46. Nf8 Rg4 47. Rh1+ Kg5 48. Rh7 Nd6 49. Rd7 Nxf5 50. Rxb7 Ra4 51. Nd7 1/2-1/2

[Event "ENCI Limburg-open B"]
[Site "Maastricht"]
[Date "2011.06.13"]
[Round "6"]
[White "Senders, Justin"]
[Black "Bergmans, Dirk"]
[Result "1/2-1/2"]
[WhiteElo "1868"]
[BlackElo "1871"]
[PlyCount "32"]
[EventDate "2011.06.10"]
[EventType "swiss"]
[EventRounds "7"]
[EventCountry "NED"]
[Source "P.Boonen"]
[SourceDate "2012.01.01"]

1. e4 c6 2. d4 d5 3. Nc3 dxe4 4. Nxe4 Bf5 5. Ng3 Bg6 6. h4 h6 7. Nf3 Nd7 8. h5
Bh7 9. Bd3 Bxd3 10. Qxd3 Ngf6 11. c4 e6 12. Bd2 Qb6 13. Bc3 Be7 14. O-O-O O-O-O
15. Qc2 Qa6 16. b3 Bd6 1/2-1/2

[Event "ENCI Limburg-open B"]
[Site "Maastricht"]
[Date "2011.06.13"]
[Round "6"]
[White "Senders, Mischa"]
[Black "Marinc, Damir"]
[Result "1/2-1/2"]
[WhiteElo "1746"]
[BlackElo "2049"]
[PlyCount "103"]
[EventDate "2011.06.10"]
[EventType "swiss"]
[EventRounds "7"]
[EventCountry "NED"]
[Source "P.Boonen"]
[SourceDate "2012.01.01"]

1. e4 e5 2. Nf3 Qe7 3. Bc4 h6 4. O-O Nf6 5. Re1 d6 6. d4 Bg4 7. dxe5 dxe5 8. b3
c6 9. Bb2 Nbd7 10. Nbd2 Rd8 11. Qe2 b5 12. Bd3 Qe6 13. h3 Bh5 14. Nf1 Bxf3 15.
Qxf3 g6 16. a4 a6 17. axb5 axb5 18. Ng3 Nc5 19. Qe2 Bg7 20. Red1 O-O 21. Bc1
Qc8 22. Ba3 Nxd3 23. Rxd3 Rxd3 24. Bxf8 Rxg3 25. Bxg7 Rxg2+ 26. Kxg2 Kxg7 27.
Rd1 Qe6 28. Kh2 Qe7 29. Rg1 Qc5 30. h4 Qb6 31. Qf3 Qd4 32. Rd1 Qc5 33. c3 h5
34. Rd2 Qe7 35. b4 Qe6 36. Rd1 Qc4 37. Re1 Qa2 38. Qe2 Qa3 39. Qf3 c5 40. bxc5
Qxc5 41. Rb1 Qc4 42. Re1 Qa2 43. Kg2 Qc2 44. Kh2 Qa4 45. Kg2 Qa3 46. Rb1 Qa4
47. Re1 Qc4 48. Kh2 Qa2 49. Kg2 Qc2 50. Kh2 Ng4+ 51. Kg2 Qd2 52. Rb1 1/2-1/2

[Event "ENCI Limburg-open B"]
[Site "Maastricht"]
[Date "2011.06.13"]
[Round "6"]
[White "Sluiter, Jan"]
[Black "Timmermans, Stefan"]
[Result "1-0"]
[WhiteElo "1859"]
[BlackElo "1845"]
[PlyCount "125"]
[EventDate "2011.06.10"]
[EventType "swiss"]
[EventRounds "7"]
[EventCountry "NED"]
[Source "P.Boonen"]
[SourceDate "2012.01.01"]

1. e4 c5 2. Nc3 Nc6 3. Bb5 e6 4. Bxc6 bxc6 5. d3 d5 6. f4 Ne7 7. Nf3 Ng6 8. O-O
Bd6 9. e5 Be7 10. Qe2 O-O 11. Kh1 f5 12. Nd2 a5 13. Na4 Ba6 14. b3 Bb5 15. Nb2
Rb8 16. c4 Ba6 17. Na4 Qd7 18. Ba3 Qa7 19. Rf3 Rf7 20. Raf1 Nf8 21. Rh3 Rd8 22.
Qf2 dxc4 23. dxc4 Rd4 24. Bb2 Rd8 25. Qe2 Qd7 26. Bc3 Qc7 27. Qe3 Nd7 28. Nf3
h6 29. Qe1 Re8 30. Bxa5 Qa7 31. Nd2 Bc8 32. Bc3 Nb6 33. Nxb6 Qxb6 34. Qe2 Rd8
35. Rd3 Bf8 36. Rd1 Rxd3 37. Qxd3 Rd7 38. Qc2 Qd8 39. Kg1 g5 40. Rf1 Be7 41. g3
gxf4 42. gxf4 Bh4 43. Nf3 Kh7 44. Kh1 Be7 45. Rg1 Qe8 46. Qg2 Qf7 47. Qe2 Rd8
48. Ba5 Rd7 49. Rd1 Qe8 50. Rd3 Rxd3 51. Qxd3 Qh5 52. Ne1 Qg4 53. Qf3 Kg6 54.
h3 Qh4 55. Kg2 Bd7 56. Qg3+ Kf7 57. Qxh4 Bxh4 58. Nd3 Ke7 59. Bb6 Be8 60. Bxc5+
Kd8 61. Bf8 h5 62. Bh6 Be7 63. Bg5 1-0

[Event "ENCI Limburg-open B"]
[Site "Maastricht"]
[Date "2011.06.13"]
[Round "6"]
[White "Tsiros, Fragkiskos Vlasios"]
[Black "Hollands, Maxim"]
[Result "1-0"]
[WhiteElo "1708"]
[BlackElo "1851"]
[PlyCount "85"]
[EventDate "2011.06.10"]
[EventType "swiss"]
[EventRounds "7"]
[EventCountry "NED"]
[Source "P.Boonen"]
[SourceDate "2012.01.01"]

1. e4 d6 2. d4 Nf6 3. Nc3 g6 4. Be3 Bg7 5. f3 c6 6. Qd2 b5 7. O-O-O Qa5 8. a3
Nbd7 9. Kb1 h5 10. d5 Nb6 11. dxc6 Nc4 12. Bxc4 bxc4 13. Bd4 Rb8 14. Ka2 Be6
15. Nd5 Qa4 16. Nc7+ Kf8 17. Nxe6+ fxe6 18. Nh3 Qxc6 19. e5 Nd5 20. Nf4 Kf7 21.
Nxd5 exd5 22. e6+ Kg8 23. Qf4 Kh7 24. Qf7 Rxb2+ 25. Kxb2 c3+ 26. Kc1 Rg8 27.
Rd3 Qa4 28. Bxc3 Qxa3+ 29. Kd2 d4 30. Bxd4 Qa5+ 31. Ke2 Qg5 32. Kf2 Kh8 33.
Bxg7+ Rxg7 34. Qe8+ Rg8 35. Qc6 Rb8 36. Qc3+ Kh7 37. h4 Qf5 38. Re1 Rb5 39. Re4
Rc5 40. Qd2 d5 41. Red4 Qxe6 42. Rxd5 Rc6 43. Re3 1-0

[Event "ENCI Limburg-open B"]
[Site "Maastricht"]
[Date "2011.06.13"]
[Round "6"]
[White "Tutenel, Erik"]
[Black "Sofic, Narcis"]
[Result "0-1"]
[WhiteElo "1834"]
[BlackElo "1906"]
[PlyCount "80"]
[EventDate "2011.06.10"]
[EventType "swiss"]
[EventRounds "7"]
[EventCountry "NED"]
[Source "P.Boonen"]
[SourceDate "2012.01.01"]

1. e4 d5 2. exd5 Qxd5 3. Nc3 Qd6 4. Nf3 Nf6 5. Bc4 c6 6. Qe2 Bf5 7. d3 Nbd7 8.
Bd2 e6 9. Ne4 Qc7 10. Nd4 Bxe4 11. dxe4 Qe5 12. Qd3 Qxe4+ 13. Qxe4 Nxe4 14. Be3
Nb6 15. Be2 Nd5 16. Bf3 Nef6 17. Bg5 Bb4+ 18. c3 Be7 19. O-O-O h6 20. Bxf6 Bxf6
21. Rhe1 Bxd4 22. Rxd4 O-O-O 23. Kc2 Rd7 24. Red1 Rhd8 25. g3 Nf6 26. Rxd7 Rxd7
27. Rxd7 Kxd7 28. Kd3 Kd6 29. Kd4 b6 30. a4 e5+ 31. Kc4 Nd7 32. b4 f5 33. b5 c5
34. Bc6 Nf6 35. Bf3 e4 36. Be2 Ke5 37. Bd1 g5 38. Be2 f4 39. gxf4+ gxf4 40. Bd1
f3 0-1

[Event "ENCI Limburg-open B"]
[Site "Maastricht"]
[Date "2011.06.13"]
[Round "6"]
[White "Van Trijp, Robin"]
[Black "Leentjens, Gilbert"]
[Result "0-1"]
[WhiteElo "1818"]
[BlackElo "1848"]
[PlyCount "114"]
[EventDate "2011.06.10"]
[EventType "swiss"]
[EventRounds "7"]
[EventCountry "NED"]
[Source "P.Boonen"]
[SourceDate "2012.01.01"]

1. Nf3 Nf6 2. g3 g6 3. Bg2 Bg7 4. O-O O-O 5. d4 d5 6. Bf4 c6 7. Nbd2 Nbd7 8. c3
h6 9. Be5 Nxe5 10. Nxe5 Be6 11. f3 Nd7 12. Nxd7 Bxd7 13. Nb3 e5 14. dxe5 Bxe5
15. f4 Qb6+ 16. Kh1 Bg7 17. e4 Rad8 18. e5 f6 19. exf6 Rxf6 20. Re1 Rff8 21.
Qd2 Rfe8 22. Rxe8+ Rxe8 23. Re1 Rxe1+ 24. Qxe1 a5 25. Qd2 Kf7 26. Nd4 Bxd4 27.
cxd4 Qb4 28. Qxb4 axb4 29. Kg1 Bf5 30. Kf2 Ke6 31. Ke3 b6 32. Bf3 h5 33. Be2 c5
34. dxc5 bxc5 35. Bf3 d4+ 36. Kd2 Kd6 37. b3 Bb1 38. Kc1 Bf5 39. Kd2 Ke6 40.
Bg2 Bb1 41. Kc1 Bd3 42. Kd2 Bb5 43. Be4 Kf6 44. Ke1 Bd7 45. Kd2 Bh3 46. Bd3 Bf5
47. Be2 Be4 48. Bf1 g5 49. Bh3 gxf4 50. gxf4 Bb1 51. Bf1 Kf5 52. Be2 h4 53. Kc1
Be4 54. Kd2 Kxf4 55. Bh5 Bb1 56. Kc1 Bf5 57. Bd1 Ke3 0-1

[Event "ENCI Limburg-open B"]
[Site "Maastricht"]
[Date "2011.06.13"]
[Round "6"]
[White "Vandecan, Michel"]
[Black "Johnen, Franz"]
[Result "1-0"]
[WhiteElo "1865"]
[BlackElo "1842"]
[PlyCount "85"]
[EventDate "2011.06.10"]
[EventType "swiss"]
[EventRounds "7"]
[EventCountry "NED"]
[Source "P.Boonen"]
[SourceDate "2012.01.01"]

1. Nf3 c5 2. c4 Nc6 3. g3 Nf6 4. Bg2 e6 5. Nc3 Be7 6. O-O O-O 7. b3 d5 8. cxd5
exd5 9. d4 Be6 10. dxc5 Bxc5 11. Bb2 Rc8 12. e3 Qe7 13. a3 a6 14. b4 Ba7 15.
Qe2 b5 16. Rfd1 Rfd8 17. Ng5 h6 18. Nxe6 fxe6 19. Rac1 d4 20. Ne4 Nxe4 21. Bxe4
Rd6 22. exd4 Qd8 23. Bb1 Ne7 24. Qe4 Rxc1 25. Qh7+ Kf7 26. Bxc1 Rxd4 27. Rxd4
Qxd4 28. Qc2 Qe5 29. Bb2 Qe1+ 30. Kg2 Bb6 31. Bc3 Qxf2+ 32. Qxf2+ Bxf2 33. Kxf2
Nd5 34. Bd4 h5 35. Kf3 g5 36. Ke4 Ne7 37. Bd3 Nc6 38. Be3 Kf6 39. Be2 Kg6 40.
h3 h4 41. gxh4 gxh4 42. Bg4 Kf6 43. Bf2 1-0

[Event "ENCI Limburg-open B"]
[Site "Maastricht"]
[Date "2011.06.13"]
[Round "6"]
[White "Vaneylen, Stefan"]
[Black "Broekmeulen, Joris"]
[Result "0-1"]
[WhiteElo "1774"]
[BlackElo "1882"]
[PlyCount "62"]
[EventDate "2011.06.10"]
[EventType "swiss"]
[EventRounds "7"]
[EventCountry "NED"]
[Source "P.Boonen"]
[SourceDate "2012.01.01"]

1. f4 d5 2. Nf3 Nf6 3. e3 Bg4 4. Be2 Nbd7 5. O-O c6 6. Nc3 Bxf3 7. Bxf3 e5 8.
fxe5 Nxe5 9. Be2 Bd6 10. d3 O-O 11. Qe1 Qe7 12. h3 Rae8 13. d4 Ng6 14. Bd3 Bc7
15. Rf3 Qd6 16. Ne2 Ne4 17. Nf4 Nxf4 18. Rxf4 g5 19. Rxe4 dxe4 20. Bc4 Qh2+ 21.
Kf1 Qh1+ 22. Ke2 Qxg2+ 23. Qf2 Qxf2+ 24. Kxf2 Kg7 25. Bd2 f5 26. Rg1 Kh6 27.
Ke2 a5 28. Kd1 b5 29. Be2 f4 30. exf4 gxf4 31. Bg4 e3 0-1

[Event "ENCI Limburg-open B"]
[Site "Maastricht"]
[Date "2011.06.13"]
[Round "6"]
[White "Zilverberg, Jasper"]
[Black "Klein, Gernot"]
[Result "0-1"]
[WhiteElo "2028"]
[BlackElo "1899"]
[PlyCount "54"]
[EventDate "2011.06.10"]
[EventType "swiss"]
[EventRounds "7"]
[EventCountry "NED"]
[Source "P.Boonen"]
[SourceDate "2012.01.01"]

1. d4 d5 2. c4 e6 3. Nf3 c6 4. g3 dxc4 5. Bg2 b5 6. Ne5 Bb7 7. O-O Nf6 8. a4 a6
9. axb5 axb5 10. Rxa8 Bxa8 11. Nc3 Nd5 12. e4 Nxc3 13. bxc3 Nd7 14. f4 Nxe5 15.
fxe5 Be7 16. Qg4 Bf8 17. Bg5 Qc7 18. Be3 h5 19. Qg5 Qe7 20. Ra1 Qxg5 21. Bxg5
Bb7 22. Ra7 Bc8 23. Ra8 Kd7 24. Ra7+ Ke8 25. Ra8 Kd7 26. Ra7+ Ke8 27. d5 Bc5+
0-1

[Event "ENCI Limburg-open B"]
[Site "Maastricht"]
[Date "2011.06.13"]
[Round "7"]
[White "Begri, Felix"]
[Black "Heuts, John"]
[Result "1-0"]
[WhiteElo "1888"]
[BlackElo "1788"]
[PlyCount "55"]
[EventDate "2011.06.10"]
[EventType "swiss"]
[EventRounds "7"]
[EventCountry "NED"]
[Source "P.Boonen"]
[SourceDate "2012.01.01"]

1. d4 d5 2. c4 e6 3. Nf3 Nf6 4. g3 dxc4 5. Bg2 Bd7 6. O-O Bc6 7. Qc2 Nbd7 8.
Qxc4 Nb6 9. Qc2 g6 10. Nc3 Bg7 11. Rd1 O-O 12. e4 Qe8 13. Bf4 Rc8 14. Rac1 Na4
15. Ne5 Nxc3 16. Qxc3 Bxe4 17. Bxe4 Nxe4 18. Qa5 Nf6 19. Rxc7 Rxc7 20. Qxc7 Qa4
21. b3 Qxa2 22. Qxb7 Nd5 23. Nd7 Nxf4 24. Nxf8 Nh3+ 25. Kg2 Qxf2+ 26. Kxh3 Qf5+
27. g4 Qc2 28. Rf1 1-0

[Event "ENCI Limburg-open B"]
[Site "Maastricht"]
[Date "2011.06.13"]
[Round "7"]
[White "Bergmans, Dirk"]
[Black "Karstens, Lex"]
[Result "1-0"]
[WhiteElo "1871"]
[BlackElo "1861"]
[PlyCount "81"]
[EventDate "2011.06.10"]
[EventType "swiss"]
[EventRounds "7"]
[EventCountry "NED"]
[Source "P.Boonen"]
[SourceDate "2012.01.01"]

1. c4 g5 2. Nc3 Bg7 3. g3 c5 4. Bg2 d6 5. d3 h6 6. h4 Bxc3+ 7. bxc3 g4 8. Rb1
Nc6 9. e3 Qc7 10. Ne2 h5 11. Nf4 e6 12. O-O Nge7 13. Qe2 b6 14. e4 Ba6 15. Re1
e5 16. Nd5 Nxd5 17. exd5 Na5 18. Bg5 Kd7 19. f4 Rae8 20. Qe4 Kc8 21. Bf6 Rh6
22. Qf5+ Qd7 23. Be4 Nb7 24. Qxd7+ Kxd7 25. Bf5+ Kc7 26. fxe5 dxe5 27. Bxe5+
Kd8 28. Bc7+ Kxc7 29. Rxe8 Nd6 30. Re7+ Kd8 31. Rd7+ Ke8 32. Re1+ Kf8 33. Be4
Rf6 34. Rxa7 Bb7 35. Rf1 Rh6 36. Ra3 Ke7 37. Rb3 Nxe4 38. dxe4 Ba6 39. Ra3 Bxc4
40. Ra7+ Ke8 41. Rfxf7 1-0

[Event "ENCI Limburg-open B"]
[Site "Maastricht"]
[Date "2011.06.13"]
[Round "7"]
[White "Bok, Gidius"]
[Black "Vaneylen, Stefan"]
[Result "1/2-1/2"]
[WhiteElo "1710"]
[BlackElo "1774"]
[PlyCount "44"]
[EventDate "2011.06.10"]
[EventType "swiss"]
[EventRounds "7"]
[EventCountry "NED"]
[Source "P.Boonen"]
[SourceDate "2012.01.01"]

1. e4 e6 2. d4 c5 3. Nf3 cxd4 4. Nxd4 Nc6 5. Nc3 g6 6. Be3 Bg7 7. Bc4 a6 8. O-O
Qc7 9. Bb3 b5 10. Ndxb5 axb5 11. Nxb5 Qe5 12. c4 Kf8 13. f4 Qxe4 14. Bc5+ Nge7
15. Nd6 Bd4+ 16. Kh1 Qe3 17. Rf3 Bxc5 18. Rxe3 Bxe3 19. Qf3 Bc5 20. Nb5 Bb7 21.
Qc3 Rg8 22. Rd1 Rd8 1/2-1/2

[Event "ENCI Limburg-open B"]
[Site "Maastricht"]
[Date "2011.06.13"]
[Round "7"]
[White "Brixius, Dirk"]
[Black "De Niet, Shotaro"]
[Result "1-0"]
[WhiteElo "1944"]
[BlackElo "1792"]
[PlyCount "89"]
[EventDate "2011.06.10"]
[EventType "swiss"]
[EventRounds "7"]
[EventCountry "NED"]
[Source "P.Boonen"]
[SourceDate "2012.01.01"]

1. c4 c6 2. Nf3 Nf6 3. d4 d5 4. e3 e6 5. Nc3 Nbd7 6. Bd3 dxc4 7. Bxc4 b5 8. Bd3
a6 9. O-O Bb7 10. e4 c5 11. e5 Nd5 12. Nxd5 Bxd5 13. Be3 c4 14. Bc2 Nb6 15. Ng5
Be7 16. f4 Bxg5 17. fxg5 Qe7 18. Qh5 g6 19. Qe2 a5 20. Rf2 h5 21. h4 Kd7 22.
Raf1 Rh7 23. Bd2 Ra7 24. b3 Ke8 25. Qe1 Rg7 26. Bxa5 Nc8 27. Bb4 Qb7 28. Qb1
cxb3 29. axb3 Ne7 30. Bc5 Nf5 31. Bxf5 exf5 32. Bxa7 Qxa7 33. Qd3 Qa5 34. Rc1
Qb4 35. Rfc2 Be4 36. Rc8+ Kd7 37. R1c7+ Ke6 38. Qd1 f4 39. Re8+ Kf5 40. Ree7 f3
41. gxf3 Bd5 42. Qd3+ Kf4 43. Kf2 Qa3 44. Qe3+ Kf5 45. Kg3 1-0

[Event "ENCI Limburg-open B"]
[Site "Maastricht"]
[Date "2011.06.13"]
[Round "7"]
[White "Broekhuis, Jan"]
[Black "Coenen, Bert"]
[Result "1/2-1/2"]
[WhiteElo "1869"]
[BlackElo "1856"]
[PlyCount "32"]
[EventDate "2011.06.10"]
[EventType "swiss"]
[EventRounds "7"]
[EventCountry "NED"]
[Source "P.Boonen"]
[SourceDate "2012.01.01"]

1. e4 c5 2. Nf3 e6 3. c3 d5 4. exd5 Qxd5 5. d4 Nf6 6. Be2 Be7 7. O-O Nc6 8.
dxc5 Qxd1 9. Bxd1 Bxc5 10. Bg5 h6 11. Bf4 g5 12. Be5 Nxe5 13. Nxe5 Bd6 14. Ba4+
Ke7 15. Nf3 Bd7 16. Bxd7 Nxd7 1/2-1/2

[Event "ENCI Limburg-open B"]
[Site "Maastricht"]
[Date "2011.06.13"]
[Round "7"]
[White "Broekmeulen, Joris"]
[Black "Aben, Paul"]
[Result "1-0"]
[WhiteElo "1882"]
[BlackElo "1949"]
[PlyCount "38"]
[EventDate "2011.06.10"]
[EventType "swiss"]
[EventRounds "7"]
[EventCountry "NED"]
[Source "P.Boonen"]
[SourceDate "2012.01.01"]

1. e4 c6 2. Nf3 d5 3. exd5 cxd5 4. Ne5 Nd7 5. d4 Ngf6 6. Bd3 e6 7. O-O Be7 8.
c3 O-O 9. Nd2 Nxe5 10. dxe5 Nd7 11. Nf3 f5 12. exf6 Bxf6 13. Re1 Nc5 14. Bc2
Qc7 15. Bg5 Bxg5 16. Nxg5 Qf4 17. Bxh7+ Kh8 18. Qh5 Qxf2+ 19. Kh1 g6 1-0

[Event "ENCI Limburg-open B"]
[Site "Maastricht"]
[Date "2011.06.13"]
[Round "7"]
[White "Bruls, Peter"]
[Black "Tutenel, Erik"]
[Result "1/2-1/2"]
[WhiteElo "1845"]
[BlackElo "1834"]
[PlyCount "45"]
[EventDate "2011.06.10"]
[EventType "swiss"]
[EventRounds "7"]
[EventCountry "NED"]
[Source "P.Boonen"]
[SourceDate "2012.01.01"]

1. c4 e5 2. g3 Nf6 3. Bg2 c6 4. d4 exd4 5. Qxd4 d5 6. Nf3 c5 7. Qe3+ Be7 8.
cxd5 Nxd5 9. Qb3 Nf6 10. Ne5 O-O 11. O-O Qb6 12. Qxb6 axb6 13. Rd1 Rd8 14.
Rxd8+ Bxd8 15. Nc3 Bc7 16. Nc4 Be6 17. Na3 Nc6 18. Nab5 Be5 19. Bf4 Bxf4 20.
gxf4 Rd8 21. Nc7 Bc4 22. b3 Be6 23. Nxe6 1/2-1/2

[Event "ENCI Limburg-open B"]
[Site "Maastricht"]
[Date "2011.06.13"]
[Round "7"]
[White "Cillen, Jeroen"]
[Black "Gerlagh, Joris"]
[Result "0-1"]
[WhiteElo "1892"]
[BlackElo "1776"]
[PlyCount "50"]
[EventDate "2011.06.10"]
[EventType "swiss"]
[EventRounds "7"]
[EventCountry "NED"]
[Source "P.Boonen"]
[SourceDate "2012.01.01"]

1. e4 c5 2. Nf3 Nc6 3. d4 cxd4 4. Nxd4 Nf6 5. Nc3 e6 6. Be3 Bb4 7. Nxc6 bxc6 8.
Bd3 O-O 9. O-O d5 10. exd5 exd5 11. a3 Bd6 12. g3 Qd7 13. Re1 Qc7 14. Bd4 Ng4
15. h3 Nh6 16. Qh5 f5 17. Qg5 f4 18. Re2 Nf5 19. Bxf5 Bxf5 20. Rae1 h6 21. Qh4
fxg3 22. f3 Qd8 23. Qh5 Kh7 24. f4 Bg6 25. Re7 Bxe7 0-1

[Event "ENCI Limburg-open B"]
[Site "Maastricht"]
[Date "2011.06.13"]
[Round "7"]
[White "Coenen, Siegfried"]
[Black "Ramaekers, Philippe1"]
[Result "0-1"]
[WhiteElo "1977"]
[BlackElo "1811"]
[PlyCount "100"]
[EventDate "2011.06.10"]
[EventType "swiss"]
[EventRounds "7"]
[EventCountry "NED"]
[Source "P.Boonen"]
[SourceDate "2012.01.01"]

1. e4 e6 2. d4 d5 3. Nd2 Be7 4. Bd3 c5 5. dxc5 Nf6 6. exd5 Qxd5 7. Ngf3 Bxc5 8.
O-O Nc6 9. Bc4 Qh5 10. c3 O-O 11. Qe2 Qg4 12. h3 Qh5 13. Ne4 Nxe4 14. Qxe4 Bd7
15. Bf4 Na5 16. Ne5 Bc6 17. Qe2 Qf5 18. Nxc6 Nxc6 19. Bg3 Qg6 20. Kh2 Rad8 21.
Rad1 Bb6 22. Bh4 Bc7+ 23. Kh1 Rd6 24. Bd3 Qh6 25. Bg3 e5 26. f4 Re6 27. f5 Ree8
28. Qe4 Bb6 29. Rf3 f6 30. Be1 Kh8 31. g4 Rd8 32. Bd2 Qh4 33. Kg2 Ne7 34. Be1
Qh6 35. Qxb7 Nd5 36. Bd2 Be3 37. Bxe3 Nxe3+ 38. Rxe3 Qxe3 39. Qf3 Qb6 40. Qf2
Qb7+ 41. Kg3 e4 42. Be2 Qxb2 43. Rxd8 Rxd8 44. Qe3 Qb8+ 45. Kh4 Qe5 46. Bc4 Qe7
47. Be6 g5+ 48. fxg6 Qxe6 49. Qxa7 hxg6 50. Qe3 g5+ 0-1